Statistics for F1 Most Grand Chelems/Grand Slams

Click here to take the quiz!

General Stats

  • This quiz has been taken 46 times
  • The average score is 19 of 24

Answer Stats

Grand Chelem/
Grand Slams
Achieved
Races Where They Were AchievedDriver% Correct
62014 Malaysian Grand Prix, 2015 Italian Grand Prix, 2017 Chinese Grand Prix, 2017 Canadian Grand Prix, 2017 British Grand Prix, 2019 Abu Dhabi Grand Prix๐Ÿ‡ฌ๐Ÿ‡งLewis Hamilton
100%
22021 Austrian Grand Prix, 2022 Emilia Romagna Grand Prix๐Ÿ‡ณ๐Ÿ‡ฑMax Verstappen
95%
51994 Monaco Grand Prix, 1994 Canadian Grand Prix, 2002 Spanish Grand Prix, 2004 Australian Grand Prix, 2004 Hungarian Grand Prix๐Ÿ‡ฉ๐Ÿ‡ชMichael Schumacher
95%
42011 Indian Grand Prix, 2012 Japanese Grand Prix, 2013 Singapore Grand Prix, 2013 Korean Grand Prix๐Ÿ‡ฉ๐Ÿ‡ชSebastian Vettel
95%
41985 Portuguese Grand Prix, 1989 Spanish Grand Prix, 1990 Monaco Grand Prix, 1990 Italian Grand Prix๐Ÿ‡ง๐Ÿ‡ทAyrton Senna
93%
12010 Singapore Grand Prix๐Ÿ‡ช๐Ÿ‡ธFernando Alonso
93%
12022 Australian Grand Prix๐Ÿ‡ฒ๐Ÿ‡จCharles Leclerc
91%
81962 British Grand Prix, 1963 Dutch Grand Prix, 1963 French Grand Prix, 1963 Mexican Grand Prix, 1964 British Grand Prix, 1965 South African Grand Prix, 1965 French Grand Prix, 1965 German Grand Prix๐Ÿ‡ฌ๐Ÿ‡งJim Clark
89%
21998 Brazilian Grand Prix, 1998 Monaco Grand Prix๐Ÿ‡ซ๐Ÿ‡ฎMika Hakkinen
86%
31980 United States Grand Prix West, 1981 Argentine Grand Prix, 1984 Canadian Grand Prix๐Ÿ‡ง๐Ÿ‡ทNelson Piquet
86%
51952 French Grand Prix, 1952 German Grand Prix, 1952 Dutch Grand Prix, 1953 Argentine Grand Prix, 1953 British Grand Prix๐Ÿ‡ฎ๐Ÿ‡นAlberto Ascari
84%
21960 Belgian Grand Prix, 1966 British Grand Prix๐Ÿ‡ฆ๐Ÿ‡บJack Brabham
84%
41969 French Grand Prix, 1971 Monaco Grand Prix, 1971 French Grand Prix, 1972 United States Grand Prix๐Ÿ‡ฌ๐Ÿ‡งJackie Stewart
84%
11976 Belgian Grand Prix๐Ÿ‡ฆ๐Ÿ‡นNiki Lauda
84%
11995 Hungarian Grand Prix๐Ÿ‡ฌ๐Ÿ‡งDamon Hill
80%
11958 French Grand Prix๐Ÿ‡ฌ๐Ÿ‡งMike Hawthorn
80%
41991 British Grand Prix, 1992 South African Grand Prix, 1992 Spanish Grand Prix, 1992 British Grand Prix๐Ÿ‡ฌ๐Ÿ‡งNigel Mansell
80%
11979 United States Grand Prix West๐Ÿ‡จ๐Ÿ‡ฆGilles Villeneuve
77%
11959 Portuguese Grand Prix๐Ÿ‡ฌ๐Ÿ‡งStirling Moss
75%
11987 Australian Grand Prix๐Ÿ‡ฆ๐Ÿ‡นGehard Berger
73%
11972 German Grand Prix๐Ÿ‡ง๐Ÿ‡ชJacky Ickx
66%
11976 United States Grand Prix West๐Ÿ‡จ๐Ÿ‡ญClay Regazzoni
55%
11979 Brazilian Grand Prix๐Ÿ‡ซ๐Ÿ‡ทJacques Laffite
43%
11971 Austrian Grand Prix๐Ÿ‡จ๐Ÿ‡ญJo Siffert
34%

Score Distribution

Percentile by Number Answered

Percent of People with Each Score

Your Score History

You have not taken this quiz